| 000 | 00797nam a2200241Ia 4500 | ||
|---|---|---|---|
| 003 | GCL | ||
| 008 | 140319s9999 xx 000 0 ara d | ||
| 040 |
_aGCL / _cGCL |
||
| 082 | 0 | 4 |
_a182 _bد ق |
| 100 | 1 | _aديورانت، ول | |
| 245 | 1 | 0 |
_aقصة الفلسفة من افلاطون الى حون ديوى حياة واراء اعظم رجال الفلسفة فى العالم . / _cديورانت، ول |
| 700 | 1 | _aفتح الله محمد المشعشع | |
| 260 |
_a[S.N] : _bمكتبة المعارف ، _c1988 |
||
| 300 | _a639 ص | ||
| 490 | _a | ||
| 650 | 0 | 4 | _aتاريخ |
| 650 | 0 | 4 | _aالفلسفة |
| 650 | 0 | 4 | _aالفلسفة الحديثة |
| 650 | 0 | 4 | _aالفلسفة الغربية |
| 650 | 0 | 4 | _aالافلاطونية |
| 650 | 0 | 4 | _aالمنطق |
| 942 |
_2ddc _cBK |
||
| 999 |
_c35094 _d35094 |
||